| 000 | 00840nam a2200253 i 4500 | ||
|---|---|---|---|
| 001 | 7750 | ||
| 003 | ES-MaACL | ||
| 005 | 20240527195123.0 | ||
| 007 | t| | ||
| 008 | 910501s1984 sp d |||| | spa d | ||
| 020 | _a84-86020-07-7 | ||
| 080 | _a806.0-087(460.16) | ||
| 100 | 1 |
_aIribarren, José María. _965454 |
|
| 245 | 1 | 0 |
_aVocabulario navarro / _cJosé María Iribarren. |
| 250 |
_aNueva ed. _bpreparada y ampliada por Ricardo Ollaquindia. |
||
| 260 |
_aPamplona : _bInstitución Príncipe de Viana, _c1984. |
||
| 300 |
_a564, [15] p. ; _c29 cm. |
||
| 500 | _aBibliografia. | ||
| 650 | 1 | 4 |
_aLengua española- _zNavarra (Comunidad Autónoma) _9162302 |
| 700 | 1 |
_aOllaquindia, Ricardo. _986898 |
|
| 710 | 2 |
_aInstitución Príncipe de Viana _94730 |
|
| 852 |
_aES-MaACL _jC-10865 _z- enc. cart. |
||
| 999 |
_c7750 _d7750 |
||